<?xml version="1.0" encoding="UTF-8"?><?xml-stylesheet type="text/xsl" href="static/style.xsl"?><OAI-PMH xmlns="http://www.openarchives.org/OAI/2.0/" xmlns:xsi="http://www.w3.org/2001/XMLSchema-instance" xsi:schemaLocation="http://www.openarchives.org/OAI/2.0/ http://www.openarchives.org/OAI/2.0/OAI-PMH.xsd"><responseDate>2026-04-13T01:52:04Z</responseDate><request verb="GetRecord" identifier="oai:www.recercat.cat:2072/368598" metadataPrefix="marc">https://recercat.cat/oai/request</request><GetRecord><record><header><identifier>oai:recercat.cat:2072/368598</identifier><datestamp>2024-12-20T18:53:41Z</datestamp><setSpec>com_2072_300912</setSpec><setSpec>com_2072_4427</setSpec><setSpec>col_2072_301309</setSpec></header><metadata><record xmlns="http://www.loc.gov/MARC21/slim" xmlns:dcterms="http://purl.org/dc/terms/" xmlns:xsi="http://www.w3.org/2001/XMLSchema-instance" xmlns:doc="http://www.lyncode.com/xoai" xsi:schemaLocation="http://www.loc.gov/MARC21/slim http://www.loc.gov/standards/marcxml/schema/MARC21slim.xsd">
   <leader>00925njm 22002777a 4500</leader>
   <datafield ind2=" " ind1=" " tag="042">
      <subfield code="a">dc</subfield>
   </datafield>
   <datafield ind2=" " ind1=" " tag="720">
      <subfield code="a">Hegner, Franziska Simone</subfield>
      <subfield code="e">author</subfield>
   </datafield>
   <datafield ind2=" " ind1=" " tag="720">
      <subfield code="a">Forrer, Daniel</subfield>
      <subfield code="e">author</subfield>
   </datafield>
   <datafield ind2=" " ind1=" " tag="720">
      <subfield code="a">Galán-Mascarós, José Ramón</subfield>
      <subfield code="e">author</subfield>
   </datafield>
   <datafield ind2=" " ind1=" " tag="720">
      <subfield code="a">López, Núria</subfield>
      <subfield code="e">author</subfield>
   </datafield>
   <datafield ind2=" " ind1=" " tag="720">
      <subfield code="a">Selloni, Annabella</subfield>
      <subfield code="e">author</subfield>
   </datafield>
   <datafield ind2=" " ind1=" " tag="260">
      <subfield code="c">2019-10-12</subfield>
   </datafield>
   <datafield ind2=" " ind1=" " tag="520">
      <subfield code="a">Bismuth vanadate (BiVO4) has emerged as one of the most promising
photoanode materials for solar fuel production. Oxygen vacancies play a pivotal role in the
photoelectrochemical efficiency, yet their electronic nature and contribution to n-type
conductivity are still under debate. Using first-principles calculations, we show that oxygen
vacancies in BiVO4 have two distinguishable geometric configurations characterized by
either undercoordinated, reduced VIVO3 and BiIIO7 subunits or a VIV−O−VIV/V bridge
(split vacancy), quenching the oxygen vacancy site. While both configurations have similar
energies in the bulk, the (001) subsurface acts like an energetic sink that stabilizes the split
oxygen vacancy by ∼1 eV. The barrierless creation of a bridging V2O7 unit allows for
partial electron delocalization throughout the near-surface region, consistent with recent
experimental observations indicating that BiVO4(001) is an electron-rich surface.</subfield>
   </datafield>
   <datafield ind1="8" ind2=" " tag="024">
      <subfield code="a">http://hdl.handle.net/2072/368598</subfield>
   </datafield>
   <datafield ind1="8" ind2=" " tag="024">
      <subfield code="a">https://doi.org/10.1021/acs.jpclett.9b02552</subfield>
   </datafield>
   <datafield ind2="0" ind1="0" tag="245">
      <subfield code="a">Versatile Nature of Oxygen Vacancies in Bismuth Vanadate Bulk and (001) Surface</subfield>
   </datafield>
</record></metadata></record></GetRecord></OAI-PMH>